Statistiques concernant Pays les plus proches de Soudan

Cliquez ici pour prendre le quiz!

Statistiques générales

  • Ce quiz a été pris 168 fois
  • Le résultat moyen est 17 sur 20

Statistiques - réponses

kmpays% Correct
0Égypte
99%
0Soudan du Sud
98%
0Libye
95%
749Somalie
95%
0Éthiopie
93%
0Érythrée
92%
0Tchad
92%
508Rép Dém Congo
90%
884Congo
88%
625Djibouti
85%
777Niger
85%
0République
Centrafricaine
85%
519Kenya
84%
778Nigeria
83%
187Arabie Saoudite
78%
481Yémen
77%
589Ouganda
75%
739Cameroun
69%
833Israël
62%
802Jordanie
57%

Distribution des résultats

Percentile par nombre de réponses

% des personnes avec chaque résultat

Votre développement - résultats

Vous n’avez pas pris ce quiz